000 00627nam a2200205Ia 4500
005 20250508160713.0
008 008 250505s9999 xx 000 0 eng d
037 _aTextual
040 _aFEDL
_beng
_cFEDL
041 _aeng
_2eng
084 _a330.7, ZHA
_qFEDL
100 _aNoah Harold J. Ed.
_9329949
245 0 _aEconomics of education in the U.S.S.R.
260 _aNew York, USA
_bFrederick A. Praeger
_c1969
300 _axxii,227p.
490 _aPraeger special studies in international economics and development
650 _aEconomics
942 _cTEXL
_h330.7, ZHA
999 _c1366129
_d1366129